An exegetical commentary on the Gospel according to S. Matthew, (Record no. 6802)
[ view plain ]
| 000 -LEADER | |
|---|---|
| fixed length control field | 00775cam a22002531 4500 |
| 001 - CONTROL NUMBER | |
| control field | 6818077 |
| 003 - CONTROL NUMBER IDENTIFIER | |
| control field | GBCCL |
| 005 - DATE AND TIME OF LATEST TRANSACTION | |
| control field | 20241126110612.0 |
| 008 - FIXED-LENGTH DATA ELEMENTS--GENERAL INFORMATION | |
| fixed length control field | 720817s1909 xx 000 0 eng |
| 010 ## - | |
| -- | 10008294 |
| 035 ## - SYSTEM CONTROL NUMBER | |
| System control number | (OCoLC)384368 |
| 040 ## - CATALOGING SOURCE | |
| Original cataloging agency | DLC |
| Transcribing agency | OKentU |
| Modifying agency | DLC |
| 042 ## - | |
| -- | premarc |
| 050 00 - | |
| -- | BS2575 |
| -- | .P7 |
| 082 ## - DEWEY DECIMAL CLASSIFICATION NUMBER | |
| Classification number | 226.207 |
| Item number | PLU |
| 100 1# - MAIN ENTRY--PERSONAL NAME | |
| Personal name | Plummer, Alfred, |
| Dates associated with a name | 1841-1926. |
| 9 (RLIN) | 1763 |
| 245 03 - TITLE STATEMENT | |
| Title | An exegetical commentary on the Gospel according to S. Matthew, |
| Statement of responsibility, etc. | by the Rev. Alfred Plummer. |
| 260 ## - PUBLICATION, DISTRIBUTION, ETC. | |
| Place of publication, distribution, etc. | London, |
| Name of publisher, distributor, etc. | E. Stock, |
| Date of publication, distribution, etc. | 1909. |
| 300 ## - PHYSICAL DESCRIPTION | |
| Extent | xiii, 451 p. |
| Dimensions | 22 cm. |
| 504 ## - BIBLIOGRAPHY, ETC. NOTE | |
| Bibliography, etc. note | Bibliography: p. viii-xi (first paging) |
| 630 00 - SUBJECT ADDED ENTRY--UNIFORM TITLE | |
| Uniform title | Bible. |
| Name of part/section of a work | Matthew |
| General subdivision | Commentaries. |
| 9 (RLIN) | 830 |
| 906 ## - LOCAL DATA ELEMENT F, LDF (RLIN) | |
| a | 7 |
| b | cbc |
| c | oclcrpl |
| d | u |
| e | ncip |
| f | 19 |
| g | y-gencatlg |
| 942 ## - ADDED ENTRY ELEMENTS (KOHA) | |
| Source of classification or shelving scheme | Dewey Decimal Classification |
| Koha item type | Reference Books |
| Withdrawn status | Lost status | Source of classification or shelving scheme | Damaged status | Not for loan | Home library | Current Library | Shelving location | Date acquired | Total checkouts | Full call number | Barcode | Date last seen | Copy number | Price effective from | Koha item type |
|---|---|---|---|---|---|---|---|---|---|---|---|---|---|---|---|
| Dewey Decimal Classification | GRACE BIBLE COLLEGE | GRACE BIBLE COLLEGE | Commentary | 2018-06-28 | 226.207 PLU | 000231 | 2025-05-01 | c.1 | 2018-06-28 | Reference Books |